| 000 | 005930000a22002050004500 | ||
|---|---|---|---|
| 003 | LK-CoMWRAF | ||
| 005 | 20230920133150.0 | ||
| 008 | 230817t1984 ||||| |||| 00| 0 eng d | ||
| 020 | _a0385177976 | ||
| 040 |
_aLK-CoMWRAF _dLK-CoMWRAF _eLK-CoMWRAF |
||
| 041 | _aeng | ||
| 082 |
_a305.42 _bSIS |
||
| 245 |
_aSisterhood is Global: _bthe international women's movement anthology |
||
| 260 |
_aNew York: _bAnchor, _c1984 |
||
| 300 |
_axxiii, 815 p. ; 24 cm. _bBibliography and index included. |
||
| 650 | _aFEMINISM | ||
| 650 | _aWOMEN'S RIGHTS | ||
| 700 |
_aMorgan,, Robin _eed. |
||
| 942 | _cBK | ||
| 999 |
_c1593 _d1593 |
||